000 00643nam a2200229 a 4500
999 _c2492
_d2492
001 2492
003 BD-JhCC
005 20171102210129.0
008 171102s2004 bg |||| ||a| 000 0 ben d
020 _a9848102352
035 _a(BD-JhCC)2492
040 _aBD-JhCC
_dBD-JhCC
041 _aben
082 _a891.4409
_bCHO 2004
100 _aচৌধুরী, আসাদ
245 _aসিংহাসন জেগে ওঠে /
_cআসাদ চৌধুরী
260 _aঢাকা :
_bসূচীপত্র,
_c2004.
300 _a159 p. :
_c22 cm.
650 _aBengali Literature
942 _2ddc
_cBK